Sacrae bibliothecae sanctorum patrum ... / (Record no. 151078)
[ view plain ]
| 000 -LEADER | |
|---|---|
| campo de control de longitud fija | 00626nam a2200193 i 4500 |
| 001 - NÚMERO DE CONTROL | |
| campo de control | 151078 |
| 003 - IDENTIFICADOR DE NÚMERO DE CONTROL | |
| campo de control | ES-MaACL |
| 005 - FECHA Y HORA DE LA ÚLTIMA TRANSACCIÓN | |
| campo de control | 20230906203828.0 |
| 007 - CAMPO FIJO DE DESCRIPCIÓN FÍSICA--INFORMACIÓN GENERAL | |
| campo de control de longitud fija | t| |
| 008 - DATOS DE LONGITUD FIJA--INFORMACIÓN GENERAL | |
| campo de control de longitud fija | 071204s1576 fr ||||1| lat d |
| 100 1# - ENTRADA PRINCIPAL--NOMBRE DE PERSONA | |
| Nombre de persona | Bigne, Marguerin de la ( |
| Fechas asociadas al nombre | 1546-1590) |
| 9 (RLIN) | 69129 |
| 245 10 - MENCIÓN DEL TÍTULO | |
| Título | Sacrae bibliothecae sanctorum patrum ... / |
| Mención de responsabilidad, etc. | per Margarinum de la Bigne. |
| 260 ## - PUBLICACIÓN, DISTRIBUCIÓN, ETC. | |
| Lugar de publicación, distribución, etc. | Parisiis : |
| Nombre del editor, distribuidor, etc. | apud Michaelem Sonnium, |
| Fecha de publicación, distribución, etc. | 1576. |
| 300 ## - DESCRIPCIÓN FÍSICA | |
| Extensión | 3 v. ; |
| Dimensiones | 35 cm. |
| 500 ## - NOTA GENERAL | |
| Nota general | Tít. expurgado: "Bibliothecae veterum patrum..." |
| 500 ## - NOTA GENERAL | |
| Nota general | 8 tomos en 3 vol. |
| 650 ## - PUNTO DE ACCESO ADICIONAL DE MATERIA--TÉRMINO DE MATERIA | |
| Término de materia o nombre geográfico como elemento de entrada | Patrística. |
| 9 (RLIN) | 15895 |
| 852 ## - LOCALIZACIÓN | |
| Ubicación | ES-MaACL |
| Número de control de estantería | R-1544-46 |
| Encuadernación | Olim: G-2977-8 |
| Estatus retirado | Estado de pérdida | Estado de daño | No para préstamo | Colección | Biblioteca de origen | Biblioteca actual | Ubicación en estantería | Fecha de adquisición | Fuente de adquisición | Total de préstamos | Signatura topográfica completa | Código de barras | Visto por última vez | Precio de reemplazo | Tipo de ítem Koha |
|---|---|---|---|---|---|---|---|---|---|---|---|---|---|---|---|
| Libros del s. XVI | Biblioteca del Ateneo de Madrid | Biblioteca del Ateneo de Madrid | Depósito | 17/01/2008 | R-1544-46 | 1157649 | 23/02/2023 | 23/02/2023 | Libro impreso antiguo |
